Firemná kultúra v praxi

Firemná kultúra je súhrnom noriem a zvyklostí v každej firme. Podľa čoho môžeme posudzovať firemnú kultúru. Rituály a firemné akcie. Firemná kultúra nie je nemenná. Typológia firemnej kultúry.

Uložené v:
Podrobná bibliografia
Hlavný autor: Jakubíková, Monika
Médium: Kapitola
Jazyk:Slovak
Predmet:
Tagy: Pridať tag
Žiadne tagy, Buďte prvý, kto otaguje tento záznam!

MARC

LEADER 00000naa a2200000 4500
001 0212058
005 20231120135624.7
041 0 |a slo 
044 |a SK 
245 1 0 |a Firemná kultúra v praxi  |c Monika Jakubíková 
520 |a Firemná kultúra je súhrnom noriem a zvyklostí v každej firme. Podľa čoho môžeme posudzovať firemnú kultúru. Rituály a firemné akcie. Firemná kultúra nie je nemenná. Typológia firemnej kultúry. 
610 2 0 |a kultúra podniková 
610 2 0 |a typológia 
100 1 |a Jakubíková, Monika